000 00958nam a22002057a 4500
999 _c12759
_d12759
003 AR-CdUCM
008 190410b ||||| |||| 00| 0 esp d
040 _aMUNICIPALIDAD PROVINCIAL DEL CUSCO
_cBIBLIOTECA MUNICIPAL DEL CUSCO
082 _a374.11 /
_bC775
100 _aCoombs, Philip Hall,
_930803
245 _aLa crisis mundial de la educación /
_cPhilip Hall Coombs.
260 _aBarcelona :
_bEds. Península,
_c1971.
300 _a331 páginas ;
_c20 cm.
500 _aEste libro fue concebido como documento básico para la Conferencia Internacional sobre la Crisis Mundial de la Educación"
505 _aEnfoque del estudio -- Los factores de los sistemas de educación -- Producción de los sistemas de enseñanza : ajuste a las necesidades -- Funcionamiento interno de un sistema educativo ...
650 _aEducación y sociedad
_94253
650 _aSociología de la educación
_910577
942 _2ddc
_cLIBROS
945 _aacrt
_d2019-04-10